Konark / (Record no. 128733)
[ view plain ]
| 000 -LEADER | |
|---|---|
| fixed length control field | 00718nam a22002297a 4500 |
| 005 - DATE AND TIME OF LATEST TRANSACTION | |
| control field | 20170124110044.0 |
| 010 ## - LIBRARY OF CONGRESS CONTROL NUMBER | |
| LC control number | B-106904 |
| 020 ## - INTERNATIONAL STANDARD BOOK NUMBER | |
| Terms of availability | 195.00 |
| International Standard Book Number | 9780195675917 |
| 035 ## - SYSTEM CONTROL NUMBER | |
| System control number | B-106904 |
| 037 ## - SOURCE OF ACQUISITION | |
| Source of stock number/acquisition | Cen Lib/Ret |
| 040 ## - CATALOGING SOURCE | |
| Original cataloging agency | DPL |
| Language of cataloging | EN |
| 082 ## - DEWEY DECIMAL CLASSIFICATION NUMBER | |
| Classification number | 731.76095454 |
| Item number | DON |
| 100 ## - MAIN ENTRY--PERSONAL NAME | |
| Personal name | Donaldson, Thomas |
| 9 (RLIN) | 101933 |
| 245 ## - TITLE STATEMENT | |
| Title | Konark / |
| Statement of responsibility, etc | by Thomas Donaldson |
| 260 ## - PUBLICATION, DISTRIBUTION, ETC. (IMPRINT) | |
| Place of publication, distribution, etc | New Delhi |
| Name of publisher, distributor, etc | Oxford University Press |
| Date of publication, distribution, etc | 2005 |
| 270 ## - ADDRESS | |
| Address | YMCA Library Building, Jai Singh Road |
| City | New Delhi |
| Postal code | 110001 |
| 300 ## - PHYSICAL DESCRIPTION | |
| Extent | viii,85p. |
| Dimensions | 21cm(Hb) |
| Other physical details | ill. |
| 490 ## - SERIES STATEMENT | |
| Series statement | Monumental legacy |
| 650 ## - SUBJECT ADDED ENTRY--TOPICAL TERM | |
| Topical term or geographic name as entry element | Sun Temple (Konārak, India) |
| 9 (RLIN) | 101934 |
| 650 ## - SUBJECT ADDED ENTRY--TOPICAL TERM | |
| Topical term or geographic name as entry element | Hindu architecture |
| 9 (RLIN) | 101935 |
| 942 ## - ADDED ENTRY ELEMENTS (KOHA) | |
| Source of classification or shelving scheme | Dewey Decimal Classification |
| Koha item type | English Books |
| Classification part | 731.76095454 |
| Call number suffix | DON |
| Withdrawn status | Lost status | Damaged status | Not for loan | Home library | Current library | Date acquired | Source of acquisition | Cost, normal purchase price | Total Checkouts | Full call number | Barcode | Date last seen | Date checked out | Copy number | Cost, replacement price | Price effective from | Koha item type |
|---|---|---|---|---|---|---|---|---|---|---|---|---|---|---|---|---|---|
| Central Library | Central Library | 03/07/2015 | Cen Lib/Ret | 195.00 | 4 | 731.76095454 DON | B-106904 | 05/11/2024 | 18/10/2024 | 1 | 195.00 | 03/07/2015 | English Books |
